Суспільно-політичні об'єднання: теорія і практика (Record no. 351160)

MARC details
000 -Лідер
fixed length control field 02038nam a22002777a 4500
003 - Ідентифікатор контрольного номера
control field UA-OsUOA
001 - Контрольний номер
control field 65049
007 - Фіксоване поле фізичного опису
fixed length control field ta
008 - Елементи даних фіксованої довжини – загальна інформація
fixed length control field 20091112b un ||||| |||| 00| 0 ukr d
090 ## - Локальний шифр розміщення
Класифікаційний індекс УДК 329(075.8)
Авторський знак (НП) Г65
040 ## - Джерело каталогізації
Агенція оригінальної каталогізації UA-OsUOA
Мова каталогізації ukr
Агенція, яка здійснювала перезапис UA-OsUOA
Агенція, яка здійснювала модифікацію UA-OsUOA
041 ## - Код мови
Код мови тексту/ звукової доріжки чи окремого заголовка (П) ukr
080 ## - Індекс Універсальної десяткової класифікації
Індекс Універсальної десяткової класифікації (УДК) (НП) 329(075.8)
020 ## - Міжнародний стандартний книжковий номер (ISBN)
Міжнародний стандартний книжковий номер (ISBN) (НП) 978-966-504-878-7
100 ## - Основне введення – ім’я особи
Ім’я особи (НП) Гонюкова Л.В.
245 ## - Відомості про назву
Назва (НП) Суспільно-політичні об'єднання: теорія і практика
Решта назви (НП) Навч. пос.
260 ## - Публікація, розповсюдження і т.п. (Вихідні дані)
Місце публікації, розповсюдження і т.п. (П) К.
Ім’я/ наймення видавництва, розповсюджувача і т.п. (П) Генеза
Дата публікації, розповсюдження і т.п. (П) 2009
300 ## - Фізичний опис
Обсяг 240 с.
520 3# - Резюме і т.п.
Резюме, реферат, анотація, тощо (НП) Посібник орієнтує студентів на вивчення основ партології як одного з напрямів політичної науки. Увага акцентується на суті політичних партій і їх правовій інституціоналізації, взаємозв'язку і взаємодії політичних партій з громадськими об'єднаннями, а
520 3# - Резюме і т.п.
Резюме, реферат, анотація, тощо (НП) тікож їх відмінності від громадсько-політичних рухів, на статусній ролі партій у системі правової держави.Зміст.Розділ 1. Природа і сутність політичних об'єднань та їх місце у політичній системі суспільства.Розділ 2. Ідеологія, функції та діяль
520 3# - Резюме і т.п.
Резюме, реферат, анотація, тощо (НП) ність політичних партій.Розділ 3. Політичні партії як чинники формування та реалізації стратегії державної політики.Розділ 4. Партії у сучасних умовах.Розділ 5. Громадські об'єднання та рухи. Громадянське суспільство.
650 #7 - Додаткове предметне введення – тематичний термін
Тематичний термін чи географічна назва, як елемент введення (НП) 32 Політика
Джерело заголовка чи терміна UDC
942 ## - Додаткові елементи входу (Коха)
Тип елемента Koha Books
955 ## - Код типу видання за змістом
Код типу видання за змістом (НП) Навчальні видання
Holdings
Стан вилучень Стан втрат Джерело класифікації або схеми стелажів Стан уражень Не для кредиту Постійне місце розташування Поточне розміщення Дата придбання Джерело придбання Вартість, звичайна ціна покупки Інвентарний номер Повний номер виклику Штрих-код Дата останнього перегляду Ціна ефективна від Тип елемента Koha Примітка, призначена для загального доступу
    Universal Decimal Classification     ЧЗ - Читальна зала ЧЗ - Читальна зала 12/11/2009 129/2009 8.00 124653 329(075.8) Г65 124653 07/02/2022 12/11/2009 Books з автографом